<?xml version="1.0" encoding="UTF-8"?>
<collection xmlns="http://www.loc.gov/MARC21/slim">
 <record>
  <leader>01865nam a2200241Ia 4500</leader>
  <controlfield tag="001">CTU_239977</controlfield>
  <controlfield tag="008">210402s9999    xx            000 0 und d</controlfield>
  <datafield tag="082" ind1=" " ind2=" ">
   <subfield code="a">636.597089</subfield>
  </datafield>
  <datafield tag="082" ind1=" " ind2=" ">
   <subfield code="b">T120</subfield>
  </datafield>
  <datafield tag="088" ind1=" " ind2=" ">
   <subfield code="a">9640102</subfield>
  </datafield>
  <datafield tag="100" ind1=" " ind2=" ">
   <subfield code="a">Nguyễn, Thu Tâm</subfield>
  </datafield>
  <datafield tag="245" ind1=" " ind2="0">
   <subfield code="a">Nghiên cứu bệnh nhiễm độc tố botulin của vi khuẩn Clostridium botulinum trên vịt tại một số tỉnh Đồng bằng sông Cửu Long :</subfield>
  </datafield>
  <datafield tag="245" ind1=" " ind2="0">
   <subfield code="b">Luận án Tiến sĩ. Chuyên ngành Bệnh lý học và Chữa bệnh vật nuôi</subfield>
  </datafield>
  <datafield tag="245" ind1=" " ind2="0">
   <subfield code="c">Nguyễn Thu Tâm ; Nguyễn Đức Hiền (Cán bộ hướng dẫn)</subfield>
  </datafield>
  <datafield tag="260" ind1=" " ind2=" ">
   <subfield code="a">Cần Thơ</subfield>
  </datafield>
  <datafield tag="260" ind1=" " ind2=" ">
   <subfield code="b">Trường Đại học Cần Thơ</subfield>
  </datafield>
  <datafield tag="260" ind1=" " ind2=" ">
   <subfield code="c">2021</subfield>
  </datafield>
  <datafield tag="520" ind1=" " ind2=" ">
   <subfield code="a">Luận án “Nghiên cứu bệnh nhiễm độc tố botulin của vi khuẩn Clostridium botulinum trên vịt tại một số tỉnh Đồng bằng Sông Cửu Long” được thực hiện từ năm 2013 đến 2017, tại các tỉnh gồm An Giang, Kiên Giang, Hậu Giang và thành phố Cần Thơ (TPCT) với mục tiêu chung là đánh giá tần suất lưu hành bệnh botulism trên đàn vịt chạy đồng của Đồng bằng sông Cửu Long; xác định sự hiện diện vi khuẩn C. botulinum cũng như type độc lực của botulin trên vịt bệnh và môi trường chăn nuôi; đồng thời đánh giá khả năng gây bệnh của các chủng C. botulinum phân lập được tại Đồng bằng sông Cửu Long (ĐBSCL).</subfield>
  </datafield>
  <datafield tag="650" ind1=" " ind2=" ">
   <subfield code="a">Gia cầm,Poultry</subfield>
  </datafield>
  <datafield tag="650" ind1=" " ind2=" ">
   <subfield code="x">Bệnh,Diseases</subfield>
  </datafield>
  <datafield tag="910" ind1=" " ind2=" ">
   <subfield code="b">tvtrong</subfield>
  </datafield>
  <datafield tag="910" ind1=" " ind2=" ">
   <subfield code="c">tvtrong,tvtrong</subfield>
  </datafield>
  <datafield tag="980" ind1=" " ind2=" ">
   <subfield code="a">Trung tâm Học liệu Trường Đại học Cần Thơ</subfield>
  </datafield>
 </record>
</collection>
